| 000 | 00884cam a22002772 4500 | ||
|---|---|---|---|
| 001 | 0000007176 | ||
| 003 | OSt | ||
| 005 | 20220624110507.0 | ||
| 008 | 071126s xx 000 0 eng d | ||
| 020 |
_a0071259194 : _cKES 3090 |
||
| 040 |
_aKABU _cKABU |
||
| 050 | 0 |
_aHG4020.5 _b.U5B78 2008 |
|
| 100 | 1 | _aBrueggeman, William B. | |
| 245 | 1 | 0 |
_aReal estate finance and investments / _cWilliam B. Brueggeman, Jeffrey D. Fisher. |
| 250 | _a13th ed. | ||
| 260 |
_aBoston : _bMcGraw-Hill, _c2008. |
||
| 300 | _axv, 688 p. | ||
| 650 | 0 |
_aReal property _zUnited states. |
|
| 650 | 0 |
_aMortgage loans _zUnited States. |
|
| 700 | 1 | _aFisher, Jefrey. D. | |
| 908 | _a071126 | ||
| 942 |
_2lcc _cBK |
||
| 999 |
_c11984 _d11984 |
||